[Event "Veneto-ch qf 80th"]
[Site "Sottomarina"]
[Date "2021.06.05"]
[Round "2.6"]
[White "Pasin, Mattia"]
[Black "Mileto, Gabriele"]
[Result "1/2-1/2"]
[WhiteElo "1921"]
[BlackElo "2095"]
[PlyCount "126"]
[EventDate "2021.06.04"]
[EventType "swiss"]
[EventRounds "5"]
[EventCountry "ITA"]
[SourceTitle "EXT 2024"]
[Source "ChessBase"]
[SourceDate "2023.10.10"]
[SourceVersion "1"]
[SourceVersionDate "2023.10.10"]
[SourceQuality "1"]

1. d4 Nf6 2. c4 g6 3. Nc3 d5 4. Bf4 Bg7 5. e3 0-0 6. Nf3 c5 7. dxc5 Ne4 8. Be5 Bxe5 9. Nxe5 Nxc3 10. bxc3 Be6 11. cxd5 Qxd5 12. Qd4 f6 13. Bc4 Qxe5 14. Qxe5 fxe5 15. Bxe6+ Kg7 16. Bd5 Nc6 17. Ke2 Rfc8 18. Rab1 Rab8 19. Bxc6 Rxc6 20. Rb5 a6 21. Ra5 Rbc8 22. Rb1 R8c7 23. Kd3 Kf7 24. Rb6 Rxb6 25. cxb6 Rc6 26. Rxe5 Rxb6 27. Kc2 Rc6 28. a4 e6 29. Re4 b5 30. axb5 axb5 31. Kb3 Rc5 32. Kb4 Rc7 33. Rd4 Ke7 34. Rd3 Rb7 35. Rd2 Rc7 36. Rc2 Rb7 37. Ra2 Rc7 38. Kxb5 Rxc3 39. Ra7+ Kf6 40. Rxh7 Rc2 41. Rh3 g5 42. Rf3+ Kg6 43. h3 e5 44. Kb4 e4 45. Rf8 Kg7 46. Kb3 Re2 47. Re8 Rxf2 48. Rxe4 Re2 49. Kc4 Kf6 50. g4 Rh2 51. Kd5 Rxh3 52. Re6+ Kf7 53. e4 Rg3 54. Ra6 Rxg4 55. e5 Rb4 56. Ra7+ Ke8 57. Ke6 Rb6+ 58. Kf5 g4 59. Kxg4 Rc6 60. Kf5 Rb6 61. Rg7 Ra6 62. Rb7 Rc6 63. Rb5 Ra6 1/2-1/2

[Event "Mestre Sheraton op-A 1st"]
[Site "Mestre"]
[Date "2021.02.28"]
[Round "4"]
[White "Pasin, Mattia"]
[Black "Puglia, Francesco"]
[Result "1/2-1/2"]
[WhiteElo "1905"]
[BlackElo "1945"]
[PlyCount "40"]
[EventDate "2021.02.26"]
[EventType "swiss"]
[EventRounds "5"]
[EventCountry "ITA"]
[SourceTitle "EXT 2022"]
[Source "ChessBase"]
[SourceDate "2021.10.06"]
[SourceVersion "1"]
[SourceVersionDate "2021.10.06"]
[SourceQuality "1"]

1. d4 Nf6 2. c4 g6 3. Nc3 d5 4. Bf4 Bg7 5. e3 0-0 6. Nf3 c5 7. Be2 Nc6 8. 0-0 cxd4 9. exd4 Bg4 10. c5 Ne4 11. Be5 Bxf3 12. Bxf3 Nxc3 13. bxc3 Nxe5 14. dxe5 e6 15. c4 Bxe5 16. Rb1 Rb8 17. cxd5 exd5 18. Qxd5 Qc7 19. Rxb7 Rxb7 20. Qxb7 Qxc5 1/2-1/2

[Event "Bassano del Grappa op 11"]
[Site "Bassano del Grappa"]
[Date "2020.11.27"]
[Round "1"]
[White "Pasin, Mattia"]
[Black "Loiacono, Antonio"]
[Result "0-1"]
[WhiteElo "1934"]
[BlackElo "2304"]
[PlyCount "100"]
[EventDate "2020.11.27"]
[EventType "swiss"]
[EventRounds "5"]
[EventCountry "ITA"]
[SourceTitle "CBM 199 Extra"]
[Source "ChessBase"]
[SourceDate "2021.01.31"]
[SourceVersion "1"]
[SourceVersionDate "2021.01.31"]
[SourceQuality "1"]

1. d4 d5 2. c4 c6 3. Nc3 Nf6 4. Nf3 e6 5. e3 Nbd7 6. Bd2 Bd6 7. Bd3 0-0 8. 0-0 Re8 9. Qc2 h6 10. a3 a6 11. b4 e5 12. cxd5 cxd5 13. e4 dxe4 14. Nxe4 Nxe4 15. Bxe4 exd4 16. h3 Nf6 17. Rfe1 Rxe4 18. Rxe4 Bf5 19. Re8+ Qxe8 20. Qxf5 Qe4 21. Qxe4 Nxe4 22. Be1 d3 23. Rd1 Rd8 24. Bd2 Be7 25. Re1 Nxd2 26. Nxd2 Bg5 27. Rd1 f5 28. g3 Rc8 29. Nb3 Rc3 30. Nc5 d2 31. Kf1 Rxa3 32. Nxb7 f4 33. gxf4 Bxf4 34. Nc5 h5 35. Ne6 Bh6 36. h4 Kf7 37. Nc5 Kf6 38. Ke2 Kf5 39. f3 Ra2 40. Nd3 Rc2 41. Ra1 Rc1 42. Ra5+ Kf6 43. Rxa6+ Ke7 44. Ra7+ Kd6 45. Ra6+ Kd5 46. Nb2 Re1+ 47. Kf2 Be3+ 48. Kg3 Rg1+ 49. Kh2 Rb1 50. Na4 Bd4 0-1

[Event "Bassano del Grappa op 10"]
[Site "Bassano del Grappa"]
[Date "2020.10.25"]
[Round "5"]
[White "Pasin, Mattia"]
[Black "Miotto, Alberto"]
[Result "1/2-1/2"]
[WhiteElo "1887"]
[BlackElo "2053"]
[PlyCount "44"]
[EventDate "2020.10.23"]
[EventType "swiss"]
[EventRounds "5"]
[EventCountry "ITA"]
[SourceTitle "EXT 2022"]
[Source "ChessBase"]
[SourceDate "2021.10.06"]
[SourceVersion "1"]
[SourceVersionDate "2021.10.06"]
[SourceQuality "1"]

1. d4 d5 2. c4 e6 3. Nc3 Nf6 4. Nf3 c6 5. e3 Nbd7 6. a3 Bd6 7. b4 dxc4 8. Bxc4 b5 9. Bd3 a5 10. bxa5 Qxa5 11. Bd2 Qb6 12. 0-0 0-0 13. Qb3 Ba6 14. Rfb1 Qc7 15. Ne4 Nxe4 16. Bxe4 Rac8 17. a4 bxa4 18. Qxa4 Bb5 19. Ba5 Bxa4 20. Bxc7 Rxc7 21. Rxa4 c5 22. Rc4 Nf6 1/2-1/2

[Event "Bassano del Grappa op 10"]
[Site "Bassano del Grappa"]
[Date "2020.10.24"]
[Round "2"]
[White "Zanini, Giuseppe"]
[Black "Pasin, Mattia"]
[Result "1/2-1/2"]
[WhiteElo "1983"]
[BlackElo "1887"]
[PlyCount "76"]
[EventDate "2020.10.23"]
[EventType "swiss"]
[EventRounds "5"]
[EventCountry "ITA"]
[SourceTitle "EXT 2022"]
[Source "ChessBase"]
[SourceDate "2021.10.06"]
[SourceVersion "1"]
[SourceVersionDate "2021.10.06"]
[SourceQuality "1"]

1. Nf3 d5 2. c4 c6 3. g3 Nf6 4. Bg2 e6 5. b3 Be7 6. Bb2 b6 7. 0-0 Bb7 8. d3 0-0 9. Nbd2 c5 10. e3 Nc6 11. Qe2 Qc7 12. Rac1 Rad8 13. Rfd1 d4 14. e4 Nd7 15. Rf1 Bd6 16. Kh1 Rde8 17. Ng1 f5 18. f4 e5 19. fxe5 Ndxe5 20. Rxf5 Nb4 21. Rcf1 Nbxd3 22. Rxf8+ Rxf8 23. Rxf8+ Bxf8 24. Ba3 Qf7 25. Nh3 Bc8 26. Qf1 Bxh3 27. Bxh3 Nf2+ 28. Kg2 Nxh3 29. Kxh3 Be7 30. Qf4 Qh5+ 31. Kg2 Bf6 32. Nf3 Qxf3+ 33. Qxf3 Nxf3 34. Kxf3 a5 35. Bc1 Be5 36. Kg4 g6 37. Bg5 Bc7 38. a3 Kg7 1/2-1/2

[Event "Chioggia op-A 14th"]
[Site "Chioggia"]
[Date "2019.10.06"]
[Round "4"]
[White "Pasin, Mattia"]
[Black "Bacchini, Stefano"]
[Result "1-0"]
[WhiteElo "1911"]
[BlackElo "1934"]
[PlyCount "95"]
[EventDate "2019.10.04"]
[EventType "swiss"]
[EventRounds "5"]
[EventCountry "ITA"]
[SourceTitle "EXT 2022"]
[Source "ChessBase"]
[SourceDate "2021.10.06"]
[SourceVersion "1"]
[SourceVersionDate "2021.10.06"]
[SourceQuality "1"]

1. d4 d5 2. c4 e6 3. Nc3 Nf6 4. Bf4 c6 5. e3 Qa5 6. a3 dxc4 7. Bxc4 Nd5 8. Nge2 Nd7 9. b4 Qd8 10. Bg3 Be7 11. Rc1 0-0 12. 0-0 N7b6 13. Bd3 Bh4 14. Nf4 Bxg3 15. hxg3 Re8 16. Kh2 e5 17. dxe5 Rxe5 18. Rh1 h6 19. Kg1 Kf8 20. Qf3 Qf6 21. Ne4 Qf5 22. Rh5 g5 23. Nxg5 Qxg5 24. Rxg5 Rxg5 25. Qe2 Bd7 26. Qb2 Kg8 27. e4 Nxf4 28. gxf4 Rg7 29. a4 Rd8 30. Qf6 Re8 31. a5 Nc8 32. e5 Ne7 33. Be4 Be6 34. Rd1 Nd5 35. Qxh6 Nc3 36. Re1 Nxe4 37. Rxe4 Bd5 38. Re3 Re6 39. Qh4 Rxg2+ 40. Kf1 Reg6 41. Rg3 R2xg3 42. fxg3 Kg7 43. f5 Rh6 44. Qg5+ Kh7 45. e6 fxe6 46. f6 Rg6 47. Qh5+ Rh6 48. Qf7+ 1-0

[Event "ITA-ch U16"]
[Site "Salsomaggiore Terme"]
[Date "2019.07.09"]
[Round "4"]
[White "Fabbrucci, Gabriele"]
[Black "Pasin, Mattia"]
[Result "0-1"]
[WhiteElo "1655"]
[BlackElo "1868"]
[PlyCount "78"]
[EventDate "2019.07.07"]
[EventType "swiss"]
[EventRounds "9"]
[EventCountry "ITA"]
[SourceTitle "EXT 2020"]
[Source "ChessBase"]
[SourceDate "2019.10.17"]
[SourceVersion "1"]
[SourceVersionDate "2019.10.17"]
[SourceQuality "1"]

1. e4 c5 2. Nf3 Nc6 3. d4 cxd4 4. Nxd4 e5 5. Nb5 d6 6. Be3 Be6 7. Be2 Nf6 8. f3 Be7 9. 0-0 d5 10. exd5 Nxd5 11. Bf2 0-0 12. N5c3 Nf4 13. Bb5 Nd4 14. Bxd4 exd4 15. Ne2 Nd5 16. Qd3 Ne3 17. Rc1 Bf5 18. Qd2 Qb6 19. Nxd4 Nxc2 20. Rxc2 Bxc2 21. Qxc2 Qxd4+ 22. Kh1 Rac8 23. Nc3 Rfd8 24. Qb3 Bb4 25. Ne4 h6 26. h3 Ba5 27. a3 a6 28. Be2 Qb6 29. Bc4 Qxb3 30. Bxb3 Bd2 31. Kh2 Rc1 32. Ra2 Bf4+ 33. g3 Be3 34. h4 Kf8 35. Nc3 Rd2+ 36. Kh3 f5 37. Nd1 Bg1 38. g4 f4 39. g5 h5 0-1

[Event "Treviso op-A 3rd"]
[Site "Treviso"]
[Date "2019.03.29"]
[Round "1.16"]
[White "Pasin, Mattia"]
[Black "Cervati, Michele"]
[Result "1/2-1/2"]
[WhiteElo "1851"]
[BlackElo "1729"]
[PlyCount "57"]
[EventDate "2019.03.29"]
[EventType "swiss"]
[EventRounds "5"]
[EventCountry "ITA"]
[SourceTitle "EXT 2024"]
[Source "ChessBase"]
[SourceDate "2023.10.10"]
[SourceVersion "1"]
[SourceVersionDate "2023.10.10"]
[SourceQuality "1"]

1. d4 e6 2. c4 d5 3. Nc3 Nf6 4. Bf4 Bd6 5. Bxd6 Qxd6 6. Nf3 Nc6 7. e3 b6 8. Be2 Bb7 9. 0-0 0-0 10. a3 a5 11. Rc1 Rac8 12. c5 Qe7 13. Na4 Nd7 14. Qb3 Qd8 15. Rc2 Na7 16. Rfc1 Bc6 17. Ba6 b5 18. Nb6 cxb6 19. Bxc8 Qxc8 20. cxb6 Nxb6 21. Qc3 Nc4 22. b3 Nxa3 23. Qxa5 Nxc2 24. Qxa7 Nb4 25. Qa5 Na6 26. Ne5 Nb8 27. Nxc6 Nxc6 28. Qb6 g6 29. Rxc6 1/2-1/2

[Event "Verona op-B"]
[Site "Verona"]
[Date "2019.01.02"]
[Round "1"]
[White "De Marzi, Davide"]
[Black "Pasin, Mattia"]
[Result "1-0"]
[WhiteElo "1698"]
[BlackElo "1808"]
[PlyCount "83"]
[EventDate "2019.01.02"]
[EventType "swiss"]
[EventRounds "7"]
[EventCountry "ITA"]
[SourceTitle "CBM 188 Extra"]
[Source "ChessBase"]
[SourceDate "2019.02.26"]
[SourceVersion "1"]
[SourceVersionDate "2019.02.26"]
[SourceQuality "1"]

1. d4 d5 2. c4 c6 3. Nc3 Nf6 4. Nf3 e6 5. Bg5 Be7 6. e3 Nbd7 7. cxd5 exd5 8. Bd3 0-0 9. 0-0 Re8 10. Qc2 h6 11. Bf4 Nf8 12. Ne5 Ne6 13. Bg3 Bd6 14. f4 c5 15. Qf2 cxd4 16. exd4 Qb6 17. Nb5 Nxd4 18. Nxd6 Re7 19. Nxc8 Rxc8 20. Kh1 Ne4 21. Bxe4 dxe4 22. Rac1 Rd8 23. Rc4 f6 24. Ng4 Qb5 25. Rfc1 Nf5 26. Ne3 Nxe3 27. Qxe3 Rd3 28. Qc5 Qe8 29. Qc8 Rd8 30. Qxd8 Qxd8 31. Rc8 Rd7 32. Rxd8+ Rxd8 33. Be1 g5 34. fxg5 hxg5 35. g4 Kf7 36. Kg2 Kg6 37. Kf2 f5 38. gxf5+ Kxf5 39. Rc7 Rb8 40. Ke3 a6 41. Rf7+ Kg4 42. Bg3 1-0

[Event "Venice Autumn op 25th"]
[Site "Venice S Leonardo"]
[Date "2018.11.01"]
[Round "1.8"]
[White "Gennari, Leone"]
[Black "Pasin, Mattia"]
[Result "1/2-1/2"]
[WhiteElo "1875"]
[BlackElo "1763"]
[PlyCount "71"]
[EventDate "2018.11.01"]
[EventType "swiss"]
[EventRounds "5"]
[EventCountry "ITA"]
[SourceTitle "EXT 2023"]
[Source "ChessBase"]
[SourceDate "2022.10.05"]
[SourceVersion "1"]
[SourceVersionDate "2022.10.05"]
[SourceQuality "1"]

1. d4 d5 2. c4 c6 3. cxd5 cxd5 4. Nc3 Nf6 5. Nf3 e6 6. Bf4 Nc6 7. e3 Bb4 8. a3 Bxc3+ 9. bxc3 0-0 10. Bd3 b6 11. 0-0 Bb7 12. Qc2 Rc8 13. Rfc1 h6 14. h3 Qe7 15. Qe2 Na5 16. Nd2 Qd7 17. f3 Rfd8 18. e4 dxe4 19. Bxe4 Nxe4 20. fxe4 Rc6 21. Rab1 Rdc8 22. Qe3 Nc4 23. Nxc4 Rxc4 24. Rb4 Rxb4 25. axb4 Qc6 26. Qe2 Qxe4 27. Qxe4 Bxe4 28. Kf2 Kf8 29. Bd2 Bd5 30. g3 Ke7 31. Ra1 Rc7 32. Ke3 f6 33. Kd3 e5 34. Re1 Kd6 35. dxe5+ fxe5 36. Rxe5 1/2-1/2

[Event "Treviso Lega op-A 2nd"]
[Site "Treviso"]
[Date "2018.03.03"]
[Round "2"]
[White "Brotto, Alessandro"]
[Black "Pasin, Mattia"]
[Result "1/2-1/2"]
[WhiteElo "1874"]
[BlackElo "1741"]
[PlyCount "54"]
[EventDate "2018.03.02"]
[EventType "swiss"]
[EventRounds "5"]
[EventCountry "ITA"]
[SourceTitle "EXT 2022"]
[Source "ChessBase"]
[SourceDate "2021.10.06"]
[SourceVersion "1"]
[SourceVersionDate "2021.10.06"]
[SourceQuality "1"]

1. d4 d5 2. c4 c6 3. Nc3 Nf6 4. Nf3 e6 5. Bg5 Be7 6. e3 0-0 7. Bd3 dxc4 8. Bxc4 b5 9. Bd3 Bb7 10. Rc1 Nbd7 11. 0-0 a6 12. Bxf6 Nxf6 13. Ne4 Qd5 14. Nxf6+ gxf6 15. Bb1 Qh5 16. Nd2 Qh6 17. Ne4 Rad8 18. Nc5 Bc8 19. Qf3 e5 20. Qg3+ Kh8 21. dxe5 fxe5 22. Qxe5+ Bf6 23. Qf4 Qxf4 24. exf4 Bxb2 25. Rc2 Ba3 26. Rc3 Bb4 27. Rcc1 Ba3 1/2-1/2

[Event "Treviso Lega op-A 2nd"]
[Site "Treviso"]
[Date "2018.03.02"]
[Round "1"]
[White "Pasin, Mattia"]
[Black "Pavesi, Brando"]
[Result "1-0"]
[WhiteElo "1741"]
[BlackElo "1870"]
[PlyCount "58"]
[EventDate "2018.03.02"]
[EventType "swiss"]
[EventRounds "5"]
[EventCountry "ITA"]
[SourceTitle "EXT 2022"]
[Source "ChessBase"]
[SourceDate "2021.10.06"]
[SourceVersion "1"]
[SourceVersionDate "2021.10.06"]
[SourceQuality "1"]

1. d4 d5 2. c4 e6 3. Nc3 Nf6 4. Bf4 c6 5. e3 Bd6 6. Bxd6 Qxd6 7. c5 Qc7 8. Nf3 Nbd7 9. b4 b6 10. Be2 bxc5 11. bxc5 Qa5 12. Qd2 0-0 13. 0-0 Ba6 14. Rfe1 Bxe2 15. Rxe2 Rab8 16. Nxd5 Qxd2 17. Ne7+ Kh8 18. Rxd2 Ne4 19. Rc2 Rb7 20. Nxc6 Rc7 21. Nce5 Ndf6 22. Rb1 Nd5 23. Nd2 Nec3 24. Rb3 Na4 25. Rc4 f6 26. Nd3 Ndc3 27. e4 Ne2+ 28. Kf1 Nf4 29. g3 Nxd3 1-0